Iconographie religieuse 1 - Statistiques

Statistiques générales
  • Ce quiz a été pris 58 fois
  • Le résultat moyen est 5 sur 20
Statistiques - réponses
Par images Réponse % Correct
Adam et Eve
100%
annonciation
57%
david et goliath
47%
la fuite en egypte
43%
la descente de la croix
40%
les noces de cana
37%
la nativité
33%
la transfiguration
27%
Noli me tangere
23%
les pèlerins d'Emmaüs
20%
la dormition
17%
la présentation de jésus au temple
17%
Suzanne et les vieillards
17%
la descente aux enfers
13%
le portement de la croix
13%
sainte catherine d'alexandrie
13%
christ aux outrages
10%
immaculée conception
10%
purification de la vierge
7%
l'agonie dans le jardin d'olivier
3%
Aucun quiz correspondant
Distribution des résultats
% des personnes avec chaque résultat
Percentile par nombre de réponses
Votre historique - résultats
Vous n’avez pas pris ce quiz